|
|
|
|
| LEADER |
00000nam0a2200000 4500 |
| 001 |
34829 |
| 005 |
20231101210248.0 |
| 035 |
|
|
|a (RuTPU)RU\TPU\book\35238
|
| 035 |
|
|
|a BOOK00001890
|
| 090 |
|
|
|a 34829
|
| 100 |
|
|
|a 20011210d1981 km y0rusy50 ca
|
| 101 |
0 |
|
|a rus
|
| 102 |
|
|
|a RU
|
| 105 |
|
|
|a y z 000zy
|
| 200 |
1 |
|
|a Теория колебаний
|f А. А. Андронов, А. А. Витт, С. Э. Хайкин
|
| 205 |
|
|
|a 2-е изд.
|
| 210 |
|
|
|a Москва
|c Наука
|d 1981
|
| 215 |
|
|
|a 568 с.
|
| 606 |
|
|
|a Колебания и волны
|2 stltpush
|3 (RuTPU)RU\TPU\subj\51505
|9 70083
|
| 610 |
1 |
|
|a теория
|
| 610 |
1 |
|
|a нелинейные колебания
|
| 610 |
1 |
|
|a примеры
|
| 610 |
1 |
|
|a линейные системы
|
| 610 |
1 |
|
|a нелинейные системы
|
| 610 |
1 |
|
|a динамические системы
|
| 610 |
1 |
|
|a дифференциальные уравнения
|
| 675 |
|
|
|a 534
|v 3
|
| 700 |
|
1 |
|a Андронов
|b А. А.
|g Александр Александрович
|
| 701 |
|
1 |
|a Витт
|b А. А.
|c физик
|c доктор физико-математических наук, профессор Московского университета
|f 1902-1938
|g Александр Адольфович
|2 stltpush
|3 (RuTPU)RU\TPU\pers\9667
|9 1935
|
| 701 |
|
1 |
|a Хайкин
|b С. Э.
|g Семен Эммануилович
|
| 801 |
|
0 |
|a RU
|b 63413507
|c 20011210
|g PSBO
|
| 801 |
|
2 |
|a RU
|b 63413507
|c 20201118
|g PSBO
|
| 900 |
|
|
|a Дифференциальные уравнения
|
| 900 |
|
|
|a Математическое моделирование в электроэнергетике
|
| 900 |
|
|
|a Теоретические основы и технические средства управления ЭЭС
|
| 942 |
|
|
|c BK
|